• 首页
  • 本馆介绍
  • 公告通知
  • 最新文献
  • 馆藏检索
  • 电子资源
  • 读者导购
  • 参考咨询
  • 我的图书馆
  • 登录
  • 详细信息显示
  • 放入我的书架
  • 预约/预借图书
  • 作者相关作品
  • 分类相关作品
  • 丛书相关作品
  • 出版社相关作品

书目信息

  • 表格格式
  • 工作单格式
  • 卡片格式
题名:
美国学前教育课程标准的实践与思考
    
 
作者: 宋占美 著
分册:  
出版信息: 上海   华东师范大学出版社  2014.06
页数: 205页
开本: 26cm
丛书名: 关注处境不利儿童学前教育政策研究系列丛书
单 册:
中图分类: G619.712
科图分类:
主题词: 学前教育--课程标准--研究--美国 , 学前教育 , 课程标准
电子资源:
ISBN: 978-7-5675-1131-6
000 01295oam2 2200301 450
001 0120141321332
005 20160519145146.17
010    @a978-7-5675-1131-6@dCNY30.00
100    @a20140715d2014 em y0chiy0110 ea
101 0  @achi
102    @aCN@b310000
105    @aak z 000yy
106    @ar
200 1  @a美国学前教育课程标准的实践与思考@9mei guo xue qian jiao yu ke cheng biao zhun de shi jian yu si kao@f宋占美著
210    @a上海@c华东师范大学出版社@d2014.06
215    @a205页@c图@d26cm
225 2  @a关注处境不利儿童学前教育政策研究系列丛书
300    @a全国教育科学“十二五”规划课题(编号:EHA120366)
330    @a本书拟以美国课程标准化运动中的学前教育课程改革为背景,以北卡罗来纳州4岁和5岁幼儿园为研究案例,呈现美国学前教育课程标准在实践中的特征与问题。对美国学前课程标准进行静态文本分析和对课程实践进行动态展示,由此阐述课程标准给美国学前教育课程实践带来的影响,分析作为课程实施者的教师所面临的改变与挑战。
333    @a学前教育研究者、学前教育专业研究生、幼儿园管理人员
461  0 @12001 @a关注处境不利儿童学前教育政策研究系列丛书
606 0  @a学前教育@x课程标准@x研究@y美国
606 0  @a学前教育
606 0  @a课程标准
690    @aG619.712@v5
701  0 @a宋占美@9song zhan mei@4著
801  0 @aCN@b人天书店@c20140715
905    @b877978-83@dG619.712@e374@f6
    
    美国学前教育课程标准的实践与思考/宋占美著.-上海:华东师范大学出版社,2014.06
    205页:图;26cm.-(关注处境不利儿童学前教育政策研究系列丛书)
    全国教育科学“十二五”规划课题(编号:EHA120366).-使用对象:学前教育研究者、学前教育专业研究生、幼儿园管理人员
    
    ISBN 978-7-5675-1131-6:CNY30.00
    本书拟以美国课程标准化运动中的学前教育课程改革为背景,以北卡罗来纳州4岁和5岁幼儿园为研究案例,呈现美国学前教育课程标准在实践中的特征与问题。对美国学前课程标准进行静态文本分析和对课程实践进行动态展示,由此阐述课程标准给美国学前教育课程实践带来的影响,分析作为课程实施者的教师所面临的改变与挑战。
●
相关链接 在E读中查询图书 在五车中查询图书 在当当中查询图书 在豆瓣中查询图书


正题名:美国学前教育课程标准的实践与思考     索取号:G619.712/374         预约/预借

序号 登录号 条形码 馆藏地/架位号 状态 备注
1 877978   208779785   第一样本阅览室/ [索取号:G619.712/374] 在馆    
2 877979   208779794   教育系资料室/ [索取号:G619.712/374] 在馆    
3 877980   208779801   教育系资料室/ [索取号:G619.712/374] 在馆    
4 877981   208779810   教育系资料室/ [索取号:G619.712/374] 在馆    
5 877982   208779829   第四借阅区/ [索取号:G619.712/374] 在馆    
6 877983   208779838   第四借阅区/ [索取号:G619.712/374] 在馆    
唐山师范学院图书馆 欢迎您!
大连网信软件有限公司© 版权所有